000 00317 a2200133 4500
001 90122
082 _a297.4 AHM
090 _c42462
_d42462
100 _aAhmad Rafiq Akhtar
245 _aMehzar-e-Takhleeq
_hUrdu
260 _aLahore
_bSang-e-Meel Publications
_c2013
300 _a252p.
500 _aGeneral Books
942 _aCAE NUST
_k297.4 AHM
999 _c325195
_d325195